00325nam a2200121Ia 4500008004100000041000800041082001600049100002100065245003900086260003800125300003300163365000700196240624s9999 xx 000 0 und d aeng a658.421 MLA aMLADJENOVIC PAUL aMICRO ENTREPRENEURSHIP FOR DUMMIES c2013aNew DelhibWiley Publishing axviii, : 364 : p. : cm. ; 23 cRS